Estatísticas para Cultura Geral

Clique aqui para jogar o quiz

Estatísticas Gerais

  • Esse quiz foi jogado 20 vezes
  • A pontuação média é 5 de 15

Estatísticas das Respostas

HintResposta% Correto
De que género musical Elvis Presley é considerado o rei?Rock
95%
Completa o título da música "Bohemian _______"?Rhapsody
90%
Qual é o género musical do músico Tupac?Rap
80%
Que famosa cantora nasceu em Barbados?Rihanna
65%
Qual é o único estado dos EUA cujo nome começa com a letra G?Geórgia
55%
No filme Camp Rock juntamente com Demi Lovato quem canta a música "This Is Me"?Joe Jonas
35%
Qual é o verdadeiro nome da Demi Lovato?Demetria
20%
Que série da Disney tinha Demi Lovato como protagonista?Sunny entre Estrelas
20%
Que escândalo levou Richard Nixon a renunciar ao cargo?Watergate
15%
De que país Melania Trump é originalmente?Eslovénia
10%
No filme Camp Rock como se chama a melhor amiga de Mitchie?Caitlyn
5%
No filme Camp Rock como se chama a banda formada por Shane,Jason e Nate?Connect 3
5%
No filme Camp Rock quem vence o concurso Final Jam?Peggy
5%
O que a empresa Herman Miller faz?Mobiliário
0%
Quem canta a música "Stand by You"?Rachel Platten
0%

Distribuição das Pontuações

Percentil de Números Respondidos

Porcentagem de Pessoas com Cada Pontuação

Sua Pontuação Histórica

Você não jogou esse quiz